La Función crítica de la prensa / por Julio Manegat
Descripción Física:
22 p. ; 21 cm
Materias:
Periodisme
MARC
| LEADER | 00000nam a2200000Ia 4500 | ||
|---|---|---|---|
| 001 | 11794 | ||
| 003 | BGR | ||
| 005 | 20260324175232.0 | ||
| 008 | 160829s1968 xx 000 0 cat d | ||
| 080 | |a FU-13-27 | ||
| 100 | 1 | |a Manegat, Julio, |d 1922-2011 |9 22412 | |
| 245 | |a La Función crítica de la prensa / por Julio Manegat | ||
| 260 | |a Barcelona : |b Escuela Oficial de Periodismo, |c 1968 | ||
| 300 | |a 22 p. ; |c 21 cm | ||
| 590 | |a Primera lliçó del curs acadèmic de 1968-69 al Saló de Cent de l'Ajuntament amb motiu de la inauguració de l'Escola Oficial de Periodisme pronunciada pel seu director | ||
| 650 | |a Periodisme |9 22413 | ||
| 710 | 1 | |a Escuela Oficial de Periodismo |9 70835 | |
| 901 | |a Arxiu | ||
| 942 | |n 1 |2 udc |c MON | ||
| 952 | |0 0 |1 0 |4 0 |6 FU1327 |7 1 |9 42204 |a Arxiu |b Arxiu |d 2016-12-01 |l 0 |o FU-13-27 |p 11794 |r 2016-12-01 00:00:00 |w 2016-12-01 |y ARXIU | ||
| 999 | |c 44651 |d 44651 | ||